000 00758nam a2200229Ia 4500
003 OSt
005 20220318115201.0
008 210716s2002 xx 000 0 und d
020 _a9780030330964
040 _cAIMIT LIBRARY
041 _aeng
082 _a658.848
_21
_bCZIM
100 _aCzinkota, Michael R.
_924155
245 _aInternational marketing /
_cBy Michael R. Czinkota and Ilkka A. Ronkainen.
250 _a1st ed.
260 _aNew York :
_bHarcourt College ,
_c2002.
300 _aXxxiii, 815p. ;i-25 ;
_c27.5 cm
650 _aThe international political and legal environment
_924156
650 _aExport intermediaries licensing and franchising
_924157
700 _aRonkainen, Ilkka A.
_924158
942 _2ddc
_cBK
_e1st
_k658.848 CZIM
999 _c200854
_d200854